| Tag |
First Indicator |
Second Indicator |
Subfields |
| LEADER |
00000cam a2200000 a 4500 |
| 001 |
in00001193213 |
| 005 |
20151002065341.0 |
| 007 |
hd afv---baca |
| 008 |
911002r19741861ctu a 000 0 eng d |
| 035 |
|
|
|a (OCoLC)24484861
|
| 035 |
|
|
|9 AGK0215AM
|
| 040 |
|
|
|a FEI
|c FEI
|d UtOrBLW
|
| 043 |
|
|
|a n-usu--
|a n-us---
|
| 049 |
|
|
|a TXAI
|
| 090 |
|
|
|a E487
|b .C66 1974 reel 135 no. 4752
|
| 099 |
|
|
|a Film
|a B 1664
|a reel 135, no. 4752.
|
| 100 |
1 |
|
|a Manly, B.
|q (Basil),
|d 1825-1892.
|
| 245 |
1 |
0 |
|a Halting on this side of Jordan, or, Shall you brethren go to war, and shall ye sit here? /
|c by B. Manly.
|
| 264 |
|
1 |
|a [Raleigh, N.C.] :
|b [publisher not identified],
|c [between 1861 and 1865]
|
| 300 |
|
|
|a 8 pages ;
|c 14 cm.
|
| 336 |
|
|
|a text
|b txt
|2 rdacontent
|
| 337 |
|
|
|a microform
|b h
|2 rdamedia
|
| 338 |
|
|
|a microfilm reel
|b hd
|2 rdacarrier
|
| 500 |
|
|
|a Caption title.
|
| 500 |
|
|
|a At head of title: Number 67.
|
| 500 |
|
|
|a Filmed from the holdings of the Library of the University of North Carolina.
|
| 533 |
|
|
|a Microfilm.
|b New Haven, Conn. :
|c Research Publications,
|d [1974].
|e On reel 135 of 143 microfilm reels ; 35 mm.
|f (Confederate imprints, 1861-1865 ; reel 135, no. 4752).
|
| 500 |
|
|
|a Microform.
|
| 650 |
|
0 |
|a Courage
|z Confederate States of America.
|
| 650 |
|
0 |
|a Soldiers
|z Confederate States of America
|x Religious life.
|
| 650 |
|
0 |
|a Tracts.
|
| 651 |
|
0 |
|a Confederate States of America
|x Religion.
|
| 651 |
|
0 |
|a United States
|x History
|y Civil War, 1861-1865
|x Religious aspects.
|
| 740 |
0 |
|
|a Halting on this side of Jordan.
|
| 740 |
0 |
|
|a Shall you brethren go to war, and shall shall ye sit here?
|
| 830 |
|
0 |
|a Confederate imprints, 1861-1865 ;
|v reel 135, no. 4752.
|
| 999 |
|
|
|a MARS
|
| 999 |
f |
f |
|s ac53017a-dbfc-39e2-a5b2-f87a978af1a3
|i 00b38ffc-7864-330f-85f9-54acf447647c
|t 0
|
| 952 |
f |
f |
|p default
|a Texas A&M University
|b College Station
|c Sterling C. Evans Library
|d Evans: Microforms (3rd floor)
|t 0
|e Film B 1664 reel 135, no. 4752.
|h Other scheme
|i microform -- microfilm reel
|
| 998 |
f |
f |
|a Film B 1664 reel 135, no. 4752.
|t 0
|l Evans: Microforms (3rd floor)
|